| 000 | 00654nam a2200205Ia 4500 | ||
|---|---|---|---|
| 999 |
_c3760 _d3760 |
||
| 020 | _a0-19-924525-8 | ||
| 082 | _aRR 346.04803 INT; | ||
| 100 | _aIlardi, Alfredo | ||
| 245 | 0 | _aInternational encyclopaedia of intellectual property treaties | |
| 260 |
_aOxford _bOxford University Press _c2004 |
||
| 300 | _axx, 1353p. | ||
| 504 | _aIncludes index | ||
| 650 | _aIntellectual property - Encyclopedias | ||
| 650 | _aInternational law - Encyclopedias | ||
| 650 | _aIntellectual property (International law) - Encyclopedias | ||
| 650 | _aCopyright - Encyclopedias | ||
| 650 | _aCommercial property right | ||
| 700 | _aBlakeney, Michael | ||
| 942 | _cBK | ||